000 00778nam a2200241 a 4500
999 _c9712
_d9712
001 9712
003 BD-JhCC
005 20180322174504.0
008 180322s20002007bg |||| ||a| 000 0 b d
020 _a9844654769
035 _a(BD-JhCC)9712
040 _aBD-JhCC
_dBD-JhCC
041 _aben
082 _a333.73
_bDEV 2007
100 _aদেবনাথ, নারায়ণ চন্দ্র
245 _aবাংলাদেশের ভূমি ব্যবস্থাপনা /
_cনারায়াণ চন্দ্র দেবনাথ
260 _aঢাকা:
_bসাহিত্য প্রকাশ;
_c2007.
300 _a631 p. :
_c21 cm.
651 _aLand Management
651 _aSoil Remediation
942 _2ddc
_cBK